LEADER 00939nam a2200241 i 4500 001 000000201550 003 CaOOAMICUS 005 20141021000000.0 008 141021s1846 it u000 u fre u 013 $a180252 040 $aSeMil$bita 100 1 $aAudin, Jean Marie Vincent <1793-1851>.$0(OLS)http://semarc/name/14314 245 10$aHistoire de Leon 10. /$cpar M. Jean Marie Vincent Audin. 250 $a10. éd. 260 $aParis :$bCharpentier,$c1846. 260 $aParis :$bL. Maison,$c1846. 300 $a696 p. ;$c18 cm. 600 04$aLeone X .$0(OLS)http://semarc/subject/4945 850 $aSeMil 852 $aSeMil$W1$xVenegono$y1$m3B I 106 FA$j152076$B152076$CSeMilBibl$Z2$F163252 $8I 996 $6245$aHistoire de Leon 10.$9(OLS)http://semarc/title/291672 996 $6260$aParis :$bL. Maison$9(OLS)http://semarc/publisher/38747 996 $6260$aParis :$bCharpentier$9(OLS)http://semarc/publisher/31295 LEADER 01403nam a2200253 i 4500 001 000000209590 003 CaOOAMICUS 005 20111220000000.0 008 111220s1500 xx u000 u lat u 013 $a188380 040 $aSeMil$bita 245 10$aMeditationi pie et devote sopra la Vita et Passione di Giesu Christo ; Tradotte in volgar fiorentino da Alessandro Strozzi. 260 $a[S.l.] :$b[s.n.],$c[15--?] 300 $a9,5 x 14,5 ;$cpp. effettive 548 ;$crom. 500 $aManca il frontespizio con le note tipografiche e parte della «tavola». - L'edizione sembra del '500. - Descrizione da : Incunaboli e Cinquecentine della Biblioteca del Seminario di Milano / catalogo a cura di Ubaldo Valentini, Milano 1981. - Numero di catalogo : 1714. 650 4$aCinquecentine.$0(OLS)http://semarc/subject/1297 650 4$aMilano (Ducato) - Statuti.$0(OLS)http://semarc/subject/11012 700 1 $aTauler, Johannes,$c.$0(OLS)http://semarc/name/30509 850 $aSeMil 852 $aSeMil$W1$xVenegono$y1$mFV.B VI 51$j160041$B160041$CSeMilBibl$Z2$F171084 $86 900 1 $aTaulero, Giovanni. 996 $6245$aMeditationi pie et devote sopra la Vita et Passione di Giesu Christo ; Tradotte in volgar fiorentino da Alessandro Strozzi$9(OLS)http://semarc/title/302935 996 $6260$a[S.l.] :$b[s.n.]$9(OLS)http://semarc/publisher/34126